[Event "Deutsche Ländermeisterschaft 2014"]
[Site "Hannover GER"]
[Date "2014.10.05"]
[Round "4"]
[White "Wenninger, Philipp"]
[Black "Koop, Thorben"]
[Result "0-1"]
[Termination "normal"]
[Board "1.1"]
[WhiteElo "2259"]
[BlackElo "2402"]
[WhiteClock "00:29:15"]
[BlackClock "00:31:12"]
[WhiteTeam "Bayern"]
[BlackTeam "Niedersachsen 1"]
[PlyCount "94"]
[WhiteFideId "4648404"]
[BlackFideId "24661619"]
[EventCountry "GER"]
[EventRounds "7"]
[EventType "team-swiss"]
[EventDate "2014.10.02"]

1. d4 {[%clk 1:30:57]} Nf6 {[%clk 1:30:46]} 2. c4 {[%clk 1:31:20]} g6 {[%clk
1:31:10]} 3. Nc3 {[%clk 1:31:42]} d5 {[%clk 1:31:35]} 4. cxd5 {[%clk 1:32:03]}
Nxd5 {[%clk 1:31:59]} 5. Bd2 {[%clk 1:32:28]} Nb6 {[%clk 1:31:39]} 6. Nf3
{[%clk 1:29:42]} Bg7 {[%clk 1:28:42]} 7. e3 {[%clk 1:19:56]} O-O {[%clk
1:27:55]} 8. Be2 {[%clk 1:18:08]} Nc6 {[%clk 1:24:31]} 9. O-O {[%clk 1:08:44]}
e5 {[%clk 1:19:54]} 10. dxe5 {[%clk 1:07:15]} Nxe5 {[%clk 1:20:00]} 11. Nxe5
{[%clk 1:01:30]} Bxe5 {[%clk 1:19:57]} 12. Qc2 {[%clk 1:01:52]} Be6 {[%clk
1:13:14]} 13. Rad1 {[%clk 1:00:13]} Qe7 {[%clk 1:10:27]} 14. e4 {[%clk
0:47:31]} Rfd8 {[%clk 0:58:13]} 15. Be3 {[%clk 0:41:07]} c6 {[%clk 0:52:47]}
16. f4 {[%clk 0:22:19]} Bg7 {[%clk 0:49:35]} 17. Rxd8+ {[%clk 0:16:53]} Rxd8
{[%clk 0:46:17]} 18. Rd1 {[%clk 0:16:08]} Re8 {[%clk 0:44:24]} 19. Na4 {[%clk
0:09:58]} Qb4 {[%clk 0:30:54]} 20. Nxb6 {[%clk 0:10:12]} axb6 {[%clk 0:31:10]}
21. b3 {[%clk 0:10:11]} Bf5 {[%clk 0:23:32]} 22. Bd3 {[%clk 0:03:13]} Bxe4
{[%clk 0:12:39]} 23. Bxe4 {[%clk 0:03:41]} Rxe4 {[%clk 0:13:01]} 24. Rd8+
{[%clk 0:04:07]} Bf8 {[%clk 0:13:04]} 25. Qd2 {[%clk 0:03:58]} Qe7 {[%clk
0:10:21]} 26. Bxb6 {[%clk 0:02:55]} Re2 {[%clk 0:07:41]} 27. Qc3 {[%clk
0:03:08]} Qe4 {[%clk 0:06:34]} 28. Rxf8+ {[%clk 0:02:06]} Kxf8 {[%clk 0:06:54]}
29. Qh8+ {[%clk 0:02:30]} Ke7 {[%clk 0:07:17]} 30. Qd8+ {[%clk 0:02:33]} Ke6
{[%clk 0:07:41]} 31. Qc8+ {[%clk 0:01:01]} Kf6 {[%clk 0:05:27]} 32. Qd8+ {[%clk
0:01:16]} Kf5 {[%clk 0:03:27]} 33. Qg5+ {[%clk 0:00:36]} Ke6 {[%clk 0:03:44]}
34. h3 {[%clk 0:00:39]} f6 {[%clk 0:02:25]} 35. Qg4+ {[%clk 0:00:58]} f5 {[%clk
0:02:12]} 36. Qg3 {[%clk 0:00:43]} Re1+ {[%clk 0:02:31]} 37. Kh2 {[%clk
0:00:59]} Rf1 {[%clk 0:02:03]} 38. Be3 {[%clk 0:01:04]} Qd3 {[%clk 0:01:28]}
39. h4 {[%clk 0:01:13]} Qd1 {[%clk 0:01:32]} 40. Bg1 {[%clk 0:01:08]} Qd2
{[%clk 0:01:15]} 41. Be3 {[%clk 0:01:21]} Qe1 {[%clk 0:01:24]} 42. Qxe1 {[%clk
0:27:38]} Rxe1 {[%clk 0:31:53]} 43. Bc5 {[%clk 0:28:01]} Kd5 {[%clk 0:31:17]}
44. b4 {[%clk 0:28:15]} Ra1 {[%clk 0:31:32]} 45. h5 {[%clk 0:28:39]} gxh5
{[%clk 0:30:57]} 46. Kh3 {[%clk 0:29:02]} Ke4 {[%clk 0:31:04]} 47. Bd6 {[%clk
0:29:15]} Rh1+ {[%clk 0:31:12]} 0-1

[Event "Deutsche Ländermeisterschaft 2014"]
[Site "Hannover GER"]
[Date "2014.10.05"]
[Round "4"]
[White "Schreiner, Till"]
[Black "Klek, Hanna Marie"]
[Result "0-1"]
[Termination "normal"]
[Board "1.2"]
[WhiteTitle "FM"]
[WhiteElo "2298"]
[BlackElo "2225"]
[WhiteClock "00:00:46"]
[BlackClock "00:21:24"]
[WhiteTeam "Niedersachsen 1"]
[BlackTeam "Bayern"]
[PlyCount "120"]
[WhiteFideId "24675555"]
[BlackFideId "24670057"]
[EventCountry "GER"]
[EventRounds "7"]
[EventType "team-swiss"]
[EventDate "2014.10.02"]

1. d4 {[%clk 1:30:59]} d5 {[%clk 1:30:53]} 2. c4 {[%clk 1:31:22]} e6 {[%clk
1:31:18]} 3. Nc3 {[%clk 1:31:43]} Be7 {[%clk 1:31:44]} 4. cxd5 {[%clk 1:31:51]}
exd5 {[%clk 1:32:08]} 5. Bf4 {[%clk 1:32:14]} Nf6 {[%clk 1:32:33]} 6. e3 {[%clk
1:32:19]} Bf5 {[%clk 1:32:56]} 7. Qb3 {[%clk 1:30:17]} Nc6 {[%clk 1:33:20]} 8.
a3 {[%clk 1:28:10]} Na5 {[%clk 1:33:21]} 9. Qd1 {[%clk 1:22:35]} O-O {[%clk
1:30:45]} 10. Nf3 {[%clk 1:21:12]} c6 {[%clk 1:10:58]} 11. Bd3 {[%clk 1:03:24]}
Bxd3 {[%clk 1:09:36]} 12. Qxd3 {[%clk 1:03:16]} Nc4 {[%clk 1:09:25]} 13. Qc2
{[%clk 1:02:04]} Re8 {[%clk 1:06:16]} 14. h3 {[%clk 0:57:53]} Bd6 {[%clk
1:00:22]} 15. Bxd6 {[%clk 0:56:45]} Qxd6 {[%clk 1:00:26]} 16. O-O {[%clk
0:57:05]} g6 {[%clk 0:53:29]} 17. a4 {[%clk 0:43:05]} Qe7 {[%clk 0:49:25]} 18.
b3 {[%clk 0:40:09]} Nd6 {[%clk 0:49:43]} 19. Ne5 {[%clk 0:36:05]} Nfe4 {[%clk
0:45:17]} 20. Rae1 {[%clk 0:32:47]} Nxc3 {[%clk 0:44:07]} 21. Qxc3 {[%clk
0:33:13]} Ne4 {[%clk 0:44:30]} 22. Qc2 {[%clk 0:32:56]} Rac8 {[%clk 0:41:00]}
23. Nd3 {[%clk 0:29:50]} Qd6 {[%clk 0:33:25]} 24. Rc1 {[%clk 0:25:54]} Re7
{[%clk 0:31:48]} 25. Nc5 {[%clk 0:23:32]} Nxc5 {[%clk 0:30:09]} 26. Qxc5 {[%clk
0:23:04]} Qxc5 {[%clk 0:30:04]} 27. Rxc5 {[%clk 0:22:55]} Re6 {[%clk 0:22:20]}
28. Rfc1 {[%clk 0:22:26]} Ra8 {[%clk 0:19:30]} 29. b4 {[%clk 0:21:25]} a6
{[%clk 0:18:00]} 30. b5 {[%clk 0:17:16]} axb5 {[%clk 0:17:41]} 31. axb5 {[%clk
0:17:40]} Ra5 {[%clk 0:18:03]} 32. R1c2 {[%clk 0:12:45]} Kg7 {[%clk 0:16:06]}
33. Rb2 {[%clk 0:12:35]} Ra7 {[%clk 0:16:25]} 34. bxc6 {[%clk 0:12:00]} bxc6
{[%clk 0:16:49]} 35. Rbc2 {[%clk 0:11:13]} Ra6 {[%clk 0:17:11]} 36. g4 {[%clk
0:09:46]} h6 {[%clk 0:16:59]} 37. Kg2 {[%clk 0:09:43]} Kf6 {[%clk 0:16:52]} 38.
Rb2 {[%clk 0:09:04]} Ra7 {[%clk 0:16:39]} 39. Rb6 {[%clk 0:07:16]} Rc7 {[%clk
0:16:53]} 40. Rb8 {[%clk 0:06:24]} Ke7 {[%clk 0:14:36]} 41. Rh8 {[%clk
0:01:48]} g5 {[%clk 0:12:41]} 42. Kg3 {[%clk 0:24:54]} Ra7 {[%clk 0:41:35]} 43.
Rb8 {[%clk 0:23:16]} Kd7 {[%clk 0:41:04]} 44. Rc2 {[%clk 0:20:43]} Ke7 {[%clk
0:37:46]} 45. Rb1 {[%clk 0:19:05]} Kd7 {[%clk 0:37:36]} 46. h4 {[%clk 0:19:02]}
Ke7 {[%clk 0:37:30]} 47. Rcb2 {[%clk 0:16:20]} Rc7 {[%clk 0:37:19]} 48. Rh1
{[%clk 0:14:54]} Kf6 {[%clk 0:35:42]} 49. Rb8 {[%clk 0:13:36]} Kg7 {[%clk
0:32:13]} 50. Rc1 {[%clk 0:09:47]} Rf6 {[%clk 0:28:53]} 51. h5 {[%clk 0:06:50]}
Re6 {[%clk 0:29:04]} 52. Rd8 {[%clk 0:07:08]} Ra7 {[%clk 0:28:43]} 53. Rc8
{[%clk 0:06:50]} Ra6 {[%clk 0:29:06]} 54. Rc2 {[%clk 0:06:48]} Rb6 {[%clk
0:27:52]} 55. Ra2 {[%clk 0:06:18]} Rb1 {[%clk 0:26:59]} 56. Raa8 {[%clk
0:05:27]} Rg1+ {[%clk 0:26:49]} 57. Kh3 {[%clk 0:03:46]} Re4 {[%clk 0:26:11]}
58. f3 {[%clk 0:00:33]} Rxe3 {[%clk 0:26:22]} 59. Kh2 {[%clk 0:00:57]} Rc1
{[%clk 0:21:24]} 60. Ra2 {[%clk 0:00:46]} Rxf3 0-1

[Event "Deutsche Ländermeisterschaft 2014"]
[Site "Hannover GER"]
[Date "2014.10.05"]
[Round "4"]
[White "Sieber, Fiona"]
[Black "Bilchinski, Anton"]
[Result "0-1"]
[Termination "normal"]
[Board "1.4"]
[WhiteElo "1942"]
[BlackElo "2002"]
[WhiteClock "00:06:55"]
[BlackClock "00:30:16"]
[WhiteTeam "Niedersachsen 1"]
[BlackTeam "Bayern"]
[PlyCount "66"]
[WhiteFideId "12902373"]
[BlackFideId "24615765"]
[EventCountry "GER"]
[EventRounds "7"]
[EventType "team-swiss"]
[EventDate "2014.10.02"]

1. e4 {[%clk 1:30:58]} e5 {[%clk 1:30:54]} 2. Nf3 {[%clk 1:31:24]} Nf6 {[%clk
1:31:21]} 3. d4 {[%clk 1:31:13]} Nxe4 {[%clk 1:31:45]} 4. Bd3 {[%clk 1:30:55]}
d5 {[%clk 1:32:10]} 5. dxe5 {[%clk 1:25:54]} Nc5 {[%clk 1:32:25]} 6. Be2 {[%clk
1:21:31]} Be7 {[%clk 1:31:06]} 7. O-O {[%clk 1:20:46]} O-O {[%clk 1:30:50]} 8.
Nc3 {[%clk 1:16:06]} c6 {[%clk 1:29:09]} 9. Nd4 {[%clk 1:11:02]} f5 {[%clk
1:25:04]} 10. exf6 {[%clk 1:07:12]} Bxf6 {[%clk 1:24:23]} 11. Be3 {[%clk
1:06:39]} Ne6 {[%clk 1:23:52]} 12. Na4 {[%clk 1:03:08]} Re8 {[%clk 1:15:24]}
13. Re1 {[%clk 0:53:57]} Kh8 {[%clk 1:07:37]} 14. Qd2 {[%clk 0:38:44]} Nxd4
{[%clk 0:49:11]} 15. Bxd4 {[%clk 0:39:03]} Bxd4 {[%clk 0:49:37]} 16. Bh5 {[%clk
0:35:01]} Re5 {[%clk 0:46:10]} 17. g4 {[%clk 0:21:08]} Rxh5 {[%clk 0:42:49]}
18. gxh5 {[%clk 0:21:02]} Bf6 {[%clk 0:42:16]} 19. Nc5 {[%clk 0:19:41]} Na6
{[%clk 0:40:02]} 20. Qe3 {[%clk 0:15:06]} Qf8 {[%clk 0:37:12]} 21. Qe8 {[%clk
0:10:59]} Bg4 {[%clk 0:37:32]} 22. Qxf8+ {[%clk 0:11:27]} Rxf8 {[%clk 0:37:55]}
23. Nxb7 {[%clk 0:11:52]} Bxb2 {[%clk 0:36:24]} 24. Rab1 {[%clk 0:12:11]} Bd4
{[%clk 0:36:41]} 25. Kg2 {[%clk 0:11:21]} Bf3+ {[%clk 0:36:58]} 26. Kg3 {[%clk
0:11:21]} Bxh5 {[%clk 0:37:21]} 27. f4 {[%clk 0:11:15]} g5 {[%clk 0:36:29]} 28.
Re6 {[%clk 0:10:41]} gxf4+ {[%clk 0:32:52]} 29. Kh4 {[%clk 0:11:08]} Bg6 {[%clk
0:33:10]} 30. Rf1 {[%clk 0:09:21]} Nb4 {[%clk 0:32:17]} 31. Nd6 {[%clk
0:08:23]} Nxc2 {[%clk 0:32:09]} 32. Kg5 {[%clk 0:08:09]} f3 {[%clk 0:32:27]}
33. h4 {[%clk 0:06:55]} f2 {[%clk 0:30:16]} 0-1

[Event "Deutsche Ländermeisterschaft 2014"]
[Site "Hannover GER"]
[Date "2014.10.05"]
[Round "4"]
[White "Oberhofer, Cédric"]
[Black "Ewert, Hannes"]
[Result "1/2-1/2"]
[Termination "normal"]
[Board "1.5"]
[WhiteElo "2041"]
[BlackElo "1931"]
[WhiteClock "00:01:53"]
[BlackClock "00:03:51"]
[WhiteTeam "Bayern"]
[BlackTeam "Niedersachsen 1"]
[PlyCount "80"]
[WhiteFideId "12941220"]
[BlackFideId "12961574"]
[EventCountry "GER"]
[EventRounds "7"]
[EventType "team-swiss"]
[EventDate "2014.10.02"]

1. e4 {[%clk 1:30:57]} c5 {[%clk 1:30:38]} 2. Nf3 {[%clk 1:31:18]} d6 {[%clk
1:30:55]} 3. d4 {[%clk 1:31:26]} cxd4 {[%clk 1:31:17]} 4. Nxd4 {[%clk 1:31:51]}
Nf6 {[%clk 1:31:34]} 5. Nc3 {[%clk 1:32:02]} g6 {[%clk 1:31:57]} 6. Be3 {[%clk
1:30:37]} Bg7 {[%clk 1:30:49]} 7. f3 {[%clk 1:26:47]} O-O {[%clk 1:29:48]} 8.
Qd2 {[%clk 1:26:38]} Nc6 {[%clk 1:29:20]} 9. O-O-O {[%clk 1:25:45]} d5 {[%clk
1:28:52]} 10. Kb1 {[%clk 1:21:01]} Nxd4 {[%clk 1:25:50]} 11. e5 {[%clk
1:19:56]} Nf5 {[%clk 1:23:59]} 12. exf6 {[%clk 1:19:20]} exf6 {[%clk 1:21:42]}
13. Nxd5 {[%clk 1:05:13]} Qxd5 {[%clk 1:11:39]} 14. Qxd5 {[%clk 1:01:21]} Nxe3
{[%clk 1:11:53]} 15. Qd4 {[%clk 0:59:34]} Nxd1 {[%clk 1:11:02]} 16. Qxd1 {[%clk
0:59:58]} Bf5 {[%clk 1:09:56]} 17. Bc4 {[%clk 0:51:40]} Rad8 {[%clk 1:01:05]}
18. Qe2 {[%clk 0:42:51]} Rfe8 {[%clk 0:55:41]} 19. Qf2 {[%clk 0:43:06]} Bh6
{[%clk 0:51:24]} 20. Bd3 {[%clk 0:34:10]} Bxd3 {[%clk 0:38:30]} 21. cxd3 {[%clk
0:34:36]} Rxd3 {[%clk 0:38:33]} 22. Re1 {[%clk 0:30:42]} Rde3 {[%clk 0:20:02]}
23. Rxe3 {[%clk 0:30:44]} Bxe3 {[%clk 0:20:17]} 24. Qe2 {[%clk 0:28:27]} Kf8
{[%clk 0:19:10]} 25. Qc4 {[%clk 0:24:22]} Bb6 {[%clk 0:17:26]} 26. a4 {[%clk
0:22:20]} Bg1 {[%clk 0:15:31]} 27. h3 {[%clk 0:20:09]} a5 {[%clk 0:14:50]} 28.
Qc3 {[%clk 0:16:32]} Re5 {[%clk 0:11:26]} 29. Qc8+ {[%clk 0:15:14]} Kg7 {[%clk
0:10:00]} 30. Qxb7 {[%clk 0:10:18]} Bc5 {[%clk 0:09:37]} 31. Qa6 {[%clk
0:09:13]} Bb4 {[%clk 0:08:59]} 32. Qd3 {[%clk 0:08:14]} Re1+ {[%clk 0:08:13]}
33. Ka2 {[%clk 0:08:11]} h5 {[%clk 0:08:13]} 34. Qc2 {[%clk 0:05:32]} g5 {[%clk
0:07:27]} 35. Qd3 {[%clk 0:04:55]} Re5 {[%clk 0:06:42]} 36. Qd1 {[%clk
0:04:21]} Re1 {[%clk 0:06:19]} 37. Qc2 {[%clk 0:04:10]} Re7 {[%clk 0:03:55]}
38. Qd1 {[%clk 0:03:43]} Re1 {[%clk 0:03:14]} 39. Qc2 {[%clk 0:03:57]} Rg1
{[%clk 0:03:28]} 40. Qe2 {[%clk 0:01:53]} Re1 {[%clk 0:03:51]} 1/2-1/2

[Event "Deutsche Ländermeisterschaft 2014"]
[Site "Hannover GER"]
[Date "2014.10.05"]
[Round "4"]
[White "Bruns, Kai-Christian"]
[Black "Schneider, Jana"]
[Result "1-0"]
[Termination "normal"]
[Board "1.6"]
[WhiteElo "1878"]
[BlackElo "1803"]
[WhiteClock "00:21:50"]
[BlackClock "00:45:50"]
[WhiteTeam "Niedersachsen 1"]
[BlackTeam "Bayern"]
[PlyCount "69"]
[WhiteFideId "12938025"]
[BlackFideId "12924997"]
[EventCountry "GER"]
[EventRounds "7"]
[EventType "team-swiss"]
[EventDate "2014.10.02"]

1. e4 {[%clk 1:30:57]} e5 {[%clk 1:30:49]} 2. Bc4 {[%clk 1:31:20]} Nc6 {[%clk
1:30:45]} 3. Nc3 {[%clk 1:31:28]} Nf6 {[%clk 1:30:08]} 4. d3 {[%clk 1:31:49]}
Bc5 {[%clk 1:28:37]} 5. Nf3 {[%clk 1:31:56]} a6 {[%clk 1:25:38]} 6. O-O {[%clk
1:31:32]} d6 {[%clk 1:25:30]} 7. h3 {[%clk 1:31:41]} Bd7 {[%clk 1:23:42]} 8.
Re1 {[%clk 1:28:10]} h6 {[%clk 1:22:21]} 9. Ne2 {[%clk 1:26:20]} Na5 {[%clk
1:18:32]} 10. Bb3 {[%clk 1:26:39]} Nxb3 {[%clk 1:17:31]} 11. axb3 {[%clk
1:27:05]} O-O {[%clk 1:16:28]} 12. Ng3 {[%clk 1:26:39]} Re8 {[%clk 1:15:16]}
13. c3 {[%clk 1:12:13]} Bc6 {[%clk 1:08:41]} 14. Nf5 {[%clk 1:04:42]} d5 {[%clk
1:07:19]} 15. exd5 {[%clk 1:04:22]} Qxd5 {[%clk 1:06:32]} 16. c4 {[%clk
0:52:41]} Qd7 {[%clk 1:05:45]} 17. Ng3 {[%clk 0:48:34]} e4 {[%clk 1:02:17]} 18.
dxe4 {[%clk 0:42:43]} Qxd1 {[%clk 1:02:25]} 19. Rxd1 {[%clk 0:43:09]} Nxe4
{[%clk 1:02:24]} 20. Nxe4 {[%clk 0:41:42]} Rxe4 {[%clk 1:02:36]} 21. Re1 {[%clk
0:39:34]} Rae8 {[%clk 1:01:20]} 22. Bd2 {[%clk 0:28:48]} f6 {[%clk 0:56:22]}
23. Kf1 {[%clk 0:25:53]} Kf7 {[%clk 0:56:17]} 24. Rxe4 {[%clk 0:22:09]} Rxe4
{[%clk 0:56:39]} 25. Re1 {[%clk 0:21:58]} Rxe1+ {[%clk 0:51:29]} 26. Nxe1
{[%clk 0:22:09]} Ke6 {[%clk 0:51:26]} 27. Ke2 {[%clk 0:21:59]} Ke5 {[%clk
0:48:59]} 28. Nd3+ {[%clk 0:21:48]} Kd6 {[%clk 0:48:29]} 29. Bf4+ {[%clk
0:22:07]} Ke7 {[%clk 0:46:46]} 30. Nxc5 {[%clk 0:22:20]} Bxg2 {[%clk 0:46:55]}
31. h4 {[%clk 0:22:12]} Kf7 {[%clk 0:45:52]} 32. Bxc7 {[%clk 0:22:10]} Bc6
{[%clk 0:45:59]} 33. Ke3 {[%clk 0:21:35]} Kg6 {[%clk 0:45:54]} 34. Ne6 {[%clk
0:21:30]} Bd7 {[%clk 0:45:50]} 35. Nf8+ {[%clk 0:21:50]} 1-0

[Event "Deutsche Ländermeisterschaft 2014"]
[Site "Hannover GER"]
[Date "2014.10.05"]
[Round "4"]
[White "Shen, Julian"]
[Black "ter Stal, Sven"]
[Result "1-0"]
[Termination "normal"]
[Board "1.7"]
[WhiteElo "1810"]
[BlackElo "1801"]
[WhiteClock "00:44:33"]
[BlackClock "01:02:51"]
[WhiteTeam "Bayern"]
[BlackTeam "Niedersachsen 1"]
[PlyCount "53"]
[WhiteFideId "12942898"]
[BlackFideId "12946443"]
[EventCountry "GER"]
[EventRounds "7"]
[EventType "team-swiss"]
[EventDate "2014.10.02"]

1. e4 {[%clk 1:30:58]} c5 {[%clk 1:30:59]} 2. Nf3 {[%clk 1:31:16]} Nc6 {[%clk
1:31:25]} 3. d4 {[%clk 1:31:36]} cxd4 {[%clk 1:31:42]} 4. Nxd4 {[%clk 1:31:58]}
e6 {[%clk 1:32:06]} 5. Nc3 {[%clk 1:31:59]} Nf6 {[%clk 1:32:13]} 6. Ndb5 {[%clk
1:32:05]} Bb4 {[%clk 1:32:35]} 7. a3 {[%clk 1:32:10]} Bxc3+ {[%clk 1:33:02]} 8.
Nxc3 {[%clk 1:32:32]} d5 {[%clk 1:33:20]} 9. exd5 {[%clk 1:31:28]} exd5 {[%clk
1:33:41]} 10. Bd3 {[%clk 1:28:37]} O-O {[%clk 1:32:32]} 11. O-O {[%clk
1:27:04]} d4 {[%clk 1:32:04]} 12. Ne4 {[%clk 1:23:09]} Ng4 {[%clk 1:20:34]} 13.
h3 {[%clk 1:18:38]} Nge5 {[%clk 1:20:47]} 14. Bf4 {[%clk 1:14:59]} Qb6 {[%clk
1:14:55]} 15. b3 {[%clk 1:10:33]} Be6 {[%clk 1:13:08]} 16. Re1 {[%clk 1:06:55]}
Nxd3 {[%clk 1:12:37]} 17. Qxd3 {[%clk 1:06:09]} Rfd8 {[%clk 1:11:29]} 18. Ng5
{[%clk 1:03:20]} g6 {[%clk 1:07:58]} 19. Nxe6 {[%clk 1:02:35]} fxe6 {[%clk
1:08:25]} 20. Rxe6 {[%clk 1:01:43]} Qc5 {[%clk 1:05:11]} 21. Rae1 {[%clk
0:53:45]} Rd7 {[%clk 1:04:24]} 22. Bh6 {[%clk 0:49:51]} Qh5 {[%clk 1:02:56]}
23. Re8+ {[%clk 0:46:04]} Rxe8 {[%clk 1:02:56]} 24. Rxe8+ {[%clk 0:45:12]} Kf7
{[%clk 1:03:18]} 25. Qe4 {[%clk 0:43:46]} Qxh6 {[%clk 1:02:32]} 26. Qe6+ {[%clk
0:44:09]} Kg7 {[%clk 1:02:51]} 27. Rg8# {[%clk 0:44:33]} 1-0

[Event "Deutsche Ländermeisterschaft 2014"]
[Site "Hannover GER"]
[Date "2014.10.05"]
[Round "4"]
[White "Mönster, Madita"]
[Black "Alsheimer, Lea"]
[Result "0-1"]
[Termination "normal"]
[Board "1.8"]
[WhiteElo "1599"]
[BlackElo "1614"]
[WhiteClock "00:13:10"]
[BlackClock "01:09:02"]
[WhiteTeam "Niedersachsen 1"]
[BlackTeam "Bayern"]
[PlyCount "72"]
[WhiteFideId "12947156"]
[BlackFideId "12918180"]
[EventCountry "GER"]
[EventRounds "7"]
[EventType "team-swiss"]
[EventDate "2014.10.02"]

1. e4 {[%clk 1:30:57]} e6 {[%clk 1:30:52]} 2. Nf3 {[%clk 1:31:18]} d5 {[%clk
1:31:19]} 3. Nc3 {[%clk 1:31:36]} Nf6 {[%clk 1:31:43]} 4. e5 {[%clk 1:31:48]}
Nfd7 {[%clk 1:32:08]} 5. d4 {[%clk 1:31:59]} c5 {[%clk 1:32:32]} 6. Bg5 {[%clk
1:31:17]} Be7 {[%clk 1:32:06]} 7. Bxe7 {[%clk 1:30:23]} Qxe7 {[%clk 1:32:22]}
8. Nb5 {[%clk 1:29:51]} Kd8 {[%clk 1:29:05]} 9. c3 {[%clk 1:28:16]} Nc6 {[%clk
1:26:28]} 10. Bd3 {[%clk 1:25:48]} f6 {[%clk 1:23:53]} 11. Qe2 {[%clk 1:24:04]}
cxd4 {[%clk 1:21:33]} 12. cxd4 {[%clk 1:23:28]} Qb4+ {[%clk 1:21:48]} 13. Qd2
{[%clk 1:16:40]} Qxd2+ {[%clk 1:21:39]} 14. Kxd2 {[%clk 1:16:18]} fxe5 {[%clk
1:21:56]} 15. Ng5 {[%clk 1:14:08]} Ke7 {[%clk 1:20:19]} 16. Nc7 {[%clk
1:04:49]} Rb8 {[%clk 1:18:43]} 17. Ngxe6 {[%clk 1:01:53]} e4 {[%clk 1:17:15]}
18. Be2 {[%clk 1:00:05]} Kd6 {[%clk 1:17:24]} 19. Bg4 {[%clk 0:56:41]} Nf6
{[%clk 1:14:23]} 20. Bh3 {[%clk 0:55:28]} Nxd4 {[%clk 1:10:39]} 21. Nxd4 {[%clk
0:51:46]} Kxc7 {[%clk 1:10:23]} 22. Rhc1+ {[%clk 0:51:29]} Kb6 {[%clk 1:10:21]}
23. Ne6 {[%clk 0:43:58]} Bxe6 {[%clk 1:09:01]} 24. Bxe6 {[%clk 0:44:04]} Rhe8
{[%clk 1:09:22]} 25. Bh3 {[%clk 0:43:00]} Rbd8 {[%clk 1:09:03]} 26. a4 {[%clk
0:24:43]} a6 {[%clk 1:09:04]} 27. b4 {[%clk 0:23:48]} Nh5 {[%clk 1:08:03]} 28.
a5+ {[%clk 0:23:04]} Ka7 {[%clk 1:07:30]} 29. g4 {[%clk 0:17:14]} Nf4 {[%clk
1:07:41]} 30. Bf1 {[%clk 0:17:30]} d4 {[%clk 1:08:01]} 31. Ra3 {[%clk 0:15:27]}
e3+ {[%clk 1:08:10]} 32. fxe3 {[%clk 0:15:32]} dxe3+ {[%clk 1:08:38]} 33. Ke1
{[%clk 0:15:31]} e2 {[%clk 1:08:40]} 34. Rf3 {[%clk 0:14:17]} Nd3+ {[%clk
1:08:24]} 35. Rxd3 {[%clk 0:12:43]} exf1=Q+ {[%clk 1:08:46]} 36. Kxf1 {[%clk
0:13:10]} Rxd3 {[%clk 1:09:02]} 0-1

[Event "Deutsche Ländermeisterschaft 2014"]
[Site "Hannover GER"]
[Date "2014.10.05"]
[Round "4"]
[White "Noe, Christopher"]
[Black "Zimmermann, Ulrich"]
[Result "1-0"]
[Termination "normal"]
[Board "2.1"]
[WhiteTitle "FM"]
[WhiteElo "2330"]
[BlackElo "2353"]
[WhiteClock "00:15:42"]
[BlackClock "00:24:52"]
[WhiteTeam "Baden 1"]
[BlackTeam "Württemberg"]
[PlyCount "75"]
[WhiteFideId "24692018"]
[BlackFideId "24654523"]
[EventCountry "GER"]
[EventRounds "7"]
[EventType "team-swiss"]
[EventDate "2014.10.02"]

1. c4 {[%clk 1:30:57]} Nf6 {[%clk 1:30:55]} 2. Nf3 {[%clk 1:31:12]} g6 {[%clk
1:30:23]} 3. Nc3 {[%clk 1:31:06]} Bg7 {[%clk 1:29:52]} 4. e4 {[%clk 1:31:29]}
O-O {[%clk 1:28:29]} 5. d4 {[%clk 1:31:46]} c5 {[%clk 1:28:56]} 6. Be2 {[%clk
1:31:49]} d6 {[%clk 1:28:43]} 7. O-O {[%clk 1:31:37]} Na6 {[%clk 1:29:07]} 8.
d5 {[%clk 1:21:24]} Nc7 {[%clk 1:27:36]} 9. h3 {[%clk 1:21:08]} a6 {[%clk
1:27:39]} 10. a4 {[%clk 1:21:33]} e6 {[%clk 1:28:06]} 11. Be3 {[%clk 1:14:09]}
Rb8 {[%clk 1:24:26]} 12. e5 {[%clk 1:12:06]} dxe5 {[%clk 1:20:44]} 13. Bxc5
{[%clk 1:11:06]} e4 {[%clk 1:17:10]} 14. Nd2 {[%clk 1:02:24]} exd5 {[%clk
1:11:58]} 15. Bxf8 {[%clk 1:02:31]} Qxf8 {[%clk 1:02:00]} 16. cxd5 {[%clk
1:01:56]} Bf5 {[%clk 1:02:06]} 17. g4 {[%clk 0:53:32]} Bd7 {[%clk 0:57:45]} 18.
Ndxe4 {[%clk 0:53:46]} Nxe4 {[%clk 0:58:09]} 19. Nxe4 {[%clk 0:54:09]} f5
{[%clk 0:58:28]} 20. Ng3 {[%clk 0:49:40]} Bxb2 {[%clk 0:55:42]} 21. d6 {[%clk
0:46:40]} Ne6 {[%clk 0:56:02]} 22. Rb1 {[%clk 0:46:23]} Bg7 {[%clk 0:55:42]}
23. Bc4 {[%clk 0:44:02]} Kh8 {[%clk 0:55:27]} 24. Bxe6 {[%clk 0:43:03]} Bxe6
{[%clk 0:55:52]} 25. Re1 {[%clk 0:43:00]} Bd7 {[%clk 0:51:12]} 26. gxf5 {[%clk
0:34:26]} Bf6 {[%clk 0:49:44]} 27. fxg6 {[%clk 0:33:49]} hxg6 {[%clk 0:49:29]}
28. Qd3 {[%clk 0:27:34]} Kg7 {[%clk 0:44:36]} 29. Ne4 {[%clk 0:23:20]} Bf5
{[%clk 0:31:47]} 30. Qd5 {[%clk 0:18:42]} Kh6 {[%clk 0:25:08]} 31. Nxf6 {[%clk
0:18:03]} Qxf6 {[%clk 0:25:32]} 32. Qd2+ {[%clk 0:17:38]} g5 {[%clk 0:25:44]}
33. Rb4 {[%clk 0:15:29]} b5 {[%clk 0:25:15]} 34. axb5 {[%clk 0:15:01]} axb5
{[%clk 0:25:39]} 35. d7 {[%clk 0:15:05]} Rd8 {[%clk 0:25:43]} 36. Rd4 {[%clk
0:15:10]} Qg7 {[%clk 0:24:35]} 37. Rh4+ {[%clk 0:15:17]} Kg6 {[%clk 0:24:52]}
38. Qd6+ {[%clk 0:15:42]} 1-0